Statistics for All Legendary + Mythical Pokemon + Ultra Beasts

Click here to take the quiz!

General Stats

  • This quiz has been taken 11 times
    (8 since last reset)
  • The average score is 64 of 82

Answer Stats

Dex No.Name% Correct
794Buzzwole
100%
483Dialga
100%
487Giratina
100%
383Groudon
100%
799Guzzlord
100%
382Kyogre
100%
380Latias
100%
381Latios
100%
249Lugia
100%
151Mew
100%
150Mewtwo
100%
484Palkia
100%
378Regice
100%
377Regirock
100%
379Registeel
100%
639Terrakion
100%
640Virizion
100%
716Xerneas
100%
493Arceus
83%
144Articuno
83%
482Azelf
83%
806Blacephalon
83%
638Cobalion
83%
488Cresselia
83%
245Entei
83%
485Heatran
83%
250Ho-Oh
83%
720Hoopa
83%
385Jirachi
83%
647Keldeo
83%
646Kyurem
83%
490Manaphy
83%
481Mesprit
83%
146Moltres
83%
795Pheromosa
83%
489Phione
83%
244Raikou
83%
384Rayquaza
83%
246Suicune
83%
787Tapu Bulu
83%
788Tapu Fini
83%
785Tapu Koko
83%
786Tapu Lele
83%
480Uxie
83%
796Xurkitree
83%
717Yveltal
83%
145Zapdos
83%
644Zekrom
83%
718Zygarde
83%
251Celebi
67%
790Cosmoem
67%
789Cosmog
67%
491Darkrai
67%
386Deoxys
67%
719Diancie
67%
649Genesect
67%
798Kartana
67%
645Landorus
67%
792Lunala
67%
801Magearna
67%
802Marshadow
67%
648Meloetta
67%
486Regigigas
67%
643Reshiram
67%
791Solgaleo
67%
642Thundurus
67%
641Tornadus
67%
494Victini
67%
721Volcanion
67%
888Zacian
67%
889Zamazenta
67%
797Celesteela
50%
809Melmetal
50%
808Meltan
50%
804Naganadel
50%
800Necrozma
50%
793Nihilego
50%
803Poipole
50%
492Shaymin
50%
805Stakataka
50%
807Zeraora
50%
890Eternatus
33%

Score Distribution

Percentile by Number Answered

Percent of People with Each Score

Your Score History

You have not taken this quiz since the last reset